Mantis Collection ekológia v luxusnom balení

Príbeh hotelovej siete Mantis Collection. Začiatok - vybudovanie prírodnej rezervácie Shamwari s luxusným ubytovaním v juhoafrickej provincii Východný mys. Drobné kroky, veľké úspechy. Know-how. Sieť päťhviezdičkových boutique hotelov a eko hotelov v nedotknutom prírodnom prostredí. Unikátne hotely:...

Full description

Saved in:
Bibliographic Details
Main Author: Mištík, Richard
Format: Book Chapter
Language:Slovak
Subjects:
Tags: Add Tag
No Tags, Be the first to tag this record!

MARC

LEADER 00000naa a2200000 4500
001 0167337
005 20231011125900.2
041 0 |a slo 
044 |a SK 
245 1 0 |a Mantis Collection  |b ekológia v luxusnom balení  |c Richard Mištík 
520 |a Príbeh hotelovej siete Mantis Collection. Začiatok - vybudovanie prírodnej rezervácie Shamwari s luxusným ubytovaním v juhoafrickej provincii Východný mys. Drobné kroky, veľké úspechy. Know-how. Sieť päťhviezdičkových boutique hotelov a eko hotelov v nedotknutom prírodnom prostredí. Unikátne hotely: Ice hotel vo Švédsku, TreeHotel v Laponsku, explora Atacama v Čile, White Desert v Antarktíde. 
610 2 0 |a hotelierstvo 
610 2 0 |a hotely 
610 2 0 |a podnikanie 
610 2 0 |a ruch cestovný 
610 2 0 |a ekológia 
100 1 |a Mištík, Richard